[Event "It (open)"]
[Site "masterchessopen.com - Oberwart (Austria)"]
[Round "6"]
[White "Liedl Wolfgang (AUT)"]
[Black "Danner Georg (AUT)"]
[Result "0-1"]
[WhiteElo "2224"]
[BlackElo "2408"]

1.d4 f5 2.g3 Nf6 3.Bg2 g6 4.Nf3 Bg7 5.O-O O-O 6.c4 d6 7.Nc3 c6 8.d5 Bd7 9.Rb1
Na6 10.b4 cxd5 11.Nxd5 Nc7 12.Nxf6+ Bxf6 13.Nd4 Rb8 14.e4 fxe4 15.Bxe4 Bh3
16.Re1 Qd7 17.Bb2 Rf7 18.Qb3 Rbf8 19.f4 e5 20.fxe5 Bxe5 21.Qd3 Rf2 22.Bxb7 Qg7
23.Bc3 Qh6 24.Nf3 R8xf3 25.Bxf3 Bf5 26.Bd5+ Kf8 27.Kxf2 Bxd3 28.Bxe5 dxe5
29.Rbd1 Nxd5 30.Rxd3 Qxh2+ 31.Kf1 Qh3+ 32.Kf2 Nf6 {#R} 0-1

[Event "It (open) \"]
[Site "masterchessopen.com - Spain"]
[Round "8"]
[White "Martinez Jaime (ESP)"]
[Black "Albert Garrote Amadeo (ESP)"]
[Result "1-0"]
[WhiteElo "2200"]
[BlackElo "1868"]

1.Nf3 c6 2.g3 g6 3.Bg2 Bg7 4.O-O f5 5.d4 Nf6 6.c4 d6 7.Nc3 O-O 8.Qc2 Be6 9.b3
Bf7 10.Bb2 h6 11.Rad1 Nbd7 12.Rfe1 Qc7 13.e4 e6 14.e5 dxe5 15.dxe5 Ng4 16.Rxd7
Qxd7 17.h3 Nxf2 18.Kxf2 Qc7 19.Ba3 Rfd8 20.Bd6 Qc8 21.c5 b6 22.b4 b5 23.Nd4
Be8 24.Qb3 Bd7 25.Nce2 g5 26.Nxf5 Kh8 27.Nxg7 Kxg7 28.Kg1 Be8 29.Rf1 a5 30.Nd4
axb4 31.Nxe6+ Kh7 32.Be4+ {#r} 1-0

[Event "Memorial M.Chigorin"]
[Site "masterchessopen.com - St. Petersburg (Russia)"]
[Round "3"]
[White "Shneider Aleksandr (UKR)"]
[Black "Cherniaev Alexander (RUS)"]
[Result "1-0"]
[WhiteElo "2560"]
[BlackElo "2278"]

1.d4 d6 2.c4 f5 3.Nf3 Nf6 4.g3 g6 5.Bg2 Bg7 6.O-O O-O 7.Nc3 c6 8.d5 e5 9.dxe6
Bxe6 10.b3 Ne4 11.Nxe4 Bxa1 12.Nxd6 Qd7 13.Ba3 Bf6 14.e4 Rd8 15.e5 Bg7 16.Qe2
a5 17.Ng5 b6 18.f4 h6 19.Nf3 Kh8 20.Nh4 Kh7 21.g4 Rg8 22.Nxg6 Kxg6 23.gxf5+
Kh7 24.fxe6 Qxe6 25.Qe4+ Kh8 26.f5 {#r} 1-0

[Event "It \"]
[Site "masterchessopen.com - Stockholm (Sweden)"]
[Round "4"]
[White "Winther Mats (SWE)"]
[Black "Karlsson Lars (SWE)"]
[Result "0-1"]
[WhiteElo "2054"]
[BlackElo "2505"]

1.Nf3 g6 2.d4 Bg7 3.c4 f5 4.g3 Nf6 5.Bg2 O-O 6.Nc3 d6 7.O-O c6 8.d5 Bd7 9.Nd4
Qc8 10.Bg5 Na6 11.Rc1 Nc7 12.dxc6 bxc6 13.Nxc6 Qe8 14.Nd5 Ncxd5 15.cxd5 h6
16.Be3 g5 17.Bd4 f4 18.Qd2 Rc8 19.Nxa7 Rxc1 20.Qxc1 Qh5 21.Qc3 Ng4 22.h3 Bxd4
23.hxg4 Bxc3 24.gxh5 Bxb2 25.gxf4 Rxf4 26.Rb1 Ra4 27.Nc6 Rxa2 28.Nxe7+ Kf7
29.Nc6 Bf5 30.e4 Bg4 31.Kh2 Kf6 {#R} 0-1

[Event "It (open)"]
[Site "masterchessopen.com - Szekszard (Hungary)"]
[Round "3"]
[White "Kallai Gabor (HUN)"]
[Black "Horvath Julia (HUN)"]
[Result "1-0"]
[WhiteElo "2460"]
[BlackElo "2211"]

1.d4 f5 2.Nf3 Nf6 3.c4 g6 4.g3 Bg7 5.Bg2 O-O 6.Nc3 d6 7.O-O c6 8.d5 e5 9.dxe6
Qe7 10.Nd4 Na6 11.Bf4 Nh5 12.Nxc6 bxc6 13.Bxd6 Qb7 14.Bxf8 Bxf8 15.Qa4 Nc5
16.Qxc6 Qxc6 17.Bxc6 Rb8 18.b3 Bxe6 19.Bd5 Bg7 20.Rac1 Kf7 21.Rfd1 Nf6
22.Bxe6+ Kxe6 23.f3 Bh6 24.Rc2 Be3+ 25.Kg2 a5 26.Nb5 g5 27.Nc7+ Kf7 28.Nd5
Nxd5 29.Rxd5 a4 30.Rc3 axb3 31.axb3 Rxb3 32.Rxb3 Nxb3 {#r} 1-0

[Event "It (cat.4)"]
[Site "masterchessopen.com - Werfen (Austria)"]
[Round "9"]
[White "Staller Peter (GER)"]
[Black "Hager Franz (AUT)"]
[Result "1-0"]
[WhiteElo "2244"]
[BlackElo "2224"]

1.Nf3 f5 2.g3 Nf6 3.Bg2 d6 4.d4 g6 5.O-O Bg7 6.c4 O-O 7.Nc3 c6 8.d5 Na6 9.dxc6
bxc6 10.Nd4 Bd7 11.Nxc6 Qe8 12.Nd4 Rc8 13.Bb7 Nc5 14.Bxc8 Bxc8 15.f3 Qf7 16.b3
h5 17.Bg5 Nh7 18.Be3 g5 19.Qd2 f4 20.gxf4 gxf4 21.Bf2 Bh3 22.Kh1 Bxf1 23.Rxf1
Kh8 24.Rg1 Be5 25.Nc6 Bg7 26.Bd4 e5 27.Bxc5 dxc5 28.Qd6 e4 29.Nxe4 Nf6 30.Ne5
{#r} 1-0

[Event "Verbandsliga North 1993/94"]
[Site "masterchessopen.com - Baden (Germany)"]
[Date "1993.09.23"]
[Round "1"]
[White "Fronczek Heinrich (GER)"]
[Black "Wohlfahrt Herbert J (AUT)"]
[Result "1-0"]
[WhiteElo "2220"]
[BlackElo "2262"]

1.d4 f5 2.g3 Nf6 3.Bg2 g6 4.c4 Bg7 5.Nc3 O-O 6.Nf3 d6 7.O-O c6 8.Re1 Qe8 9.e4
fxe4 10.Nxe4 Nxe4 11.Rxe4 Bf5 12.Re3 Bf6 13.Rb3 Bc8 14.Bh6 Bg7 15.Bxg7 Kxg7
16.Qe2 h6 17.Re1 e6 18.Bh3 Rf6 19.Re3 Kf7 20.c5 d5 21.Ne5+ Kg7 22.Nd3 Na6
23.Bxe6 Bxe6 24.Rxe6 Rxe6 25.Qxe6 Qxe6 26.Rxe6 Rh8 27.Ne5 g5 28.a3 {#r} 1-0

[Event "It (open)"]
[Site "masterchessopen.com - Bad Ragaz (Switzerland)"]
[Round "0"]
[White "Maric Alisa (SRB)"]
[Black "Bhend Edwin (SUI)"]
[Result "1-0"]
[WhiteElo "2400"]
[BlackElo "2295"]

1.Nf3 f5 2.g3 Nf6 3.Bg2 g6 4.O-O Bg7 5.d4 d6 6.c4 O-O 7.Nc3 c6 8.b3 Qc7 9.Ba3
a5 10.Rc1 Na6 11.Qd2 Bd7 12.Rfe1 Nb4 13.Bb2 e5 14.dxe5 dxe5 15.a3 Na6 16.Nb5
cxb5 17.cxb5 Nc5 18.Bxe5 Qb6 19.Bxf6 Bxf6 20.Qd5+ Ne6 21.Qxd7 Rad8 22.Rc6 Rxd7
23.Rxb6 Kf7 24.e4 f4 25.Rxe6 Kxe6 26.Bh3+ Ke7 27.Bxd7 Kxd7 28.gxf4 {#r} 1-0

[Event "It (open) \"]
[Site "masterchessopen.com - Berlin (Germany)"]
[Round "0"]
[White "Magerramov Elmar (AZE)"]
[Black "Kaiser Joachim (GER)"]
[Result "1-0"]
[WhiteElo "2580"]
[BlackElo "2152"]

1.Nf3 f5 2.g3 Nf6 3.Bg2 g6 4.O-O Bg7 5.c4 O-O 6.Nc3 d6 7.d4 c6 8.d5 e5 9.e4
Qe7 10.exf5 gxf5 11.Nh4 Bd7 12.Bg5 c5 13.Qc2 e4 14.Rae1 Qf7 15.f3 Qh5 16.Bf4
{#r} 1-0

[Event "It (open)"]
[Site "masterchessopen.com - Biel (Switzerland)"]
[Round "0"]
[White "Donchenko Anatoly G (GER)"]
[Black "Vivo Mario (ITA)"]
[Result "1-0"]
[WhiteElo "2435"]
[BlackElo "2148"]

1.c4 f5 2.d4 Nf6 3.g3 g6 4.Bg2 Bg7 5.Nc3 c6 6.Nf3 d6 7.O-O O-O 8.d5 Qe8 9.Rb1
Na6 10.b4 Bd7 11.dxc6 bxc6 12.b5 Nc5 13.Nd4 Nfe4 14.Nxe4 fxe4 15.Ba3 cxb5
16.Bxc5 dxc5 17.Nxb5 Rb8 18.Qd5+ e6 19.Qxc5 Rf5 20.Qxa7 Ra8 21.Qb6 Bxb5
22.cxb5 Rxa2 23.Bxe4 Rf8 24.Qe3 Rb2 25.b6 Qb5 26.b7 Rd8 27.Rxb2 Qxb2 28.Rc1
Be5 29.Rc8 Rf8 30.Qc5 {#r} 1-0

[Event "It (open)"]
[Site "masterchessopen.com - Budapest (Hungary)"]
[Round "8"]
[White "Szabo Zsolt (HUN)"]
[Black "Danner Georg (AUT)"]
[Result "0-1"]
[WhiteElo "2345"]
[BlackElo "2455"]

1.d4 f5 2.g3 Nf6 3.Bg2 g6 4.Nf3 Bg7 5.O-O O-O 6.c4 c6 7.Nc3 d6 8.d5 Bd7 9.Nd4
Qe8 10.e4 fxe4 11.Nxe4 Nxe4 12.Bxe4 Na6 13.Bg2 Nc7 14.Be3 c5 15.Ne2 b5 16.Qd2
bxc4 17.Bh6 Bxh6 18.Qxh6 Rb8 19.Qd2 Qf7 20.Nc3 Nb5 21.Nxb5 Rxb5 22.Rae1 Qf6
23.Re2 Rfb8 24.Qe3 Rxb2 25.Qxe7 Qxe7 26.Rxe7 Bf5 27.Be4 Re2 {#R} 0-1

[Event "It (open)"]
[Site "masterchessopen.com - Calella (Spain)"]
[Round "0"]
[White "Blum Gernot (GER)"]
[Black "Zirlik Rudi (GER)"]
[Result "1-0"]
[WhiteElo "2225"]
[BlackElo "2002"]

1.Nf3 f5 2.c4 Nf6 3.Nc3 d6 4.d4 g6 5.g3 Bg7 6.Bg2 O-O 7.O-O c6 8.d5 e5 9.dxe6
Bxe6 10.Qa4 h6 11.Rd1 Qe7 12.Bf4 d5 13.Nh4 Qf7 14.Bd6 Rd8 15.c5 Ne8 16.Bxb8
Rdxb8 17.e3 Nf6 18.Ne2 Nd7 19.Qc2 Bf6 20.Nf3 Qe7 21.Rac1 Kg7 22.Ned4 Bf7 23.b4
Ne5 24.Nxe5 Bxe5 25.h4 Qf6 26.h5 g5 27.Nxf5+ Kg8 28.f4 Bc7 29.Bf3 Rf8 30.Kf2
Be6 31.Nd4 g4 32.Be2 {#r} 1-0

[Event "It (open)"]
[Site "masterchessopen.com - Cappelle la Grande (France)"]
[Round "6"]
[White "Martin Sascha (GER)"]
[Black "Levitt Jonathan (ENG)"]
[Result "0-1"]
[WhiteElo "2040"]
[BlackElo "2425"]

1.d4 f5 2.Nf3 Nf6 3.g3 g6 4.Bg2 Bg7 5.O-O O-O 6.c4 d6 7.Nc3 c6 8.d5 e5 9.dxe6
Bxe6 10.b3 Na6 11.Bb2 Nc5 12.Qc2 Qe7 13.Rad1 Rad8 14.Ng5 h6 15.Nxe6 Nxe6 16.b4
a6 17.a4 Ng4 18.e3 h5 19.b5 h4 20.bxc6 hxg3 21.hxg3 Bxc3 22.Qxc3 Qh7 23.Rfe1
bxc6 24.Rd2 Nc5 25.Bxc6 Ne4 26.Bd5+ Rf7 27.Qa5 Qh2+ 28.Kf1 Re8 29.Rc2 Ngxf2
30.Bxe4 fxe4 31.Ke2 Nd3+ 32.Kd1 Nxb2+ {#R} 0-1

[Event "Oberliga Southwest 1993/94"]
[Site "masterchessopen.com - Germany"]
[Round "0"]
[White "Simon Holger (GER)"]
[Black "Bauer Claus (GER)"]
[Result "0-1"]
[WhiteElo "2113"]
[BlackElo "2183"]

1.d4 d6 2.c4 f5 3.g3 Nf6 4.Bg2 g6 5.Nf3 Bg7 6.O-O O-O 7.Nc3 c6 8.d5 e5 9.dxe6
Bxe6 10.Nd2 Na6 11.b3 Qa5 12.Bb2 Rad8 13.a3 f4 14.Nf3 fxg3 15.hxg3 Ng4 16.Qc2
Qh5 17.Rfe1 Nc5 18.Rad1 Bf5 19.e4 Be6 20.Nb1 Rxf3 21.Bxf3 Rf8 {#R} 0-1

[Event "It (open)"]
[Site "masterchessopen.com - Groningen (Netherlands)"]
[Round "4"]
[White "Grabuzova Tatiana (RUS)"]
[Black "Perez Garcia Hebert (NED)"]
[Result "1-0"]
[WhiteElo "2380"]
[BlackElo "2245"]

1.d4 f5 2.g3 Nf6 3.Bg2 d6 4.Nf3 g6 5.O-O Bg7 6.c4 O-O 7.Nc3 c6 8.b3 Qe8 9.Ba3
Na6 10.Qd3 h6 11.e3 g5 12.Nd2 Bd7 13.f4 Qg6 14.Rae1 g4 15.e4 fxe4 16.Ndxe4 Bf5
17.Qd2 Rfe8 18.Bb2 Nc7 19.Nxf6+ Qxf6 20.Nd1 d5 21.Ne3 e6 22.Nxf5 exf5 23.Re5
Qf7 24.Qc2 Rad8 25.Rxf5 Qe6 26.Re5 Bxe5 27.dxe5 d4 28.Qe4 Qd7 29.f5 Kh8 30.e6
{#r} 1-0

[Event "Ch Hungary (team) 1993/94"]
[Site "masterchessopen.com - Hungary"]
[Round "0"]
[White "Szabo Zsolt Jozsef (HUN)"]
[Black "Peredy Ferenc (HUN)"]
[Result "1-0"]
[WhiteElo "2220"]
[BlackElo "2210"]

1.d4 f5 2.g3 Nf6 3.Bg2 g6 4.Nf3 Bg7 5.O-O O-O 6.c4 d6 7.Nc3 c6 8.d5 e5 9.dxe6
Bxe6 10.Qd3 Kh8 11.Bf4 Nh5 12.Bxd6 Bxc4 13.Qxc4 Qxd6 14.Rad1 Qe7 15.e4 fxe4
16.Rfe1 Na6 17.Rxe4 Qc5 18.Qe2 Nc7 19.Rd7 Ne8 20.Ree7 b5 21.Ne4 Qc1+ 22.Ne1
Qxb2 23.Qxb2 Bxb2 24.Rxh7+ Kg8 25.Rxa7 Neg7 26.Rxa8 Rxa8 27.Rh6 Rxa2 28.Rxg6
Ra1 29.Kf1 Rc1 30.Ke2 c5 31.Kd2 {#r} 1-0

[Event "It \"]
[Site "masterchessopen.com - Jyvaskyla (Finland)"]
[Round "1"]
[White "Shneider Aleksandr (UKR)"]
[Black "Sund Jan (FIN)"]
[Result "1-0"]
[WhiteElo "2535"]
[BlackElo "2080"]

1.d4 f5 2.c4 Nf6 3.g3 g6 4.Bg2 Bg7 5.Nf3 O-O 6.O-O d6 7.Nc3 c6 8.d5 a5 9.Nd4
Bd7 10.Rb1 Qe8 11.Be3 Ng4 12.Bf4 Ne5 13.b3 Na6 14.Na4 c5 15.Ne6 Bxe6 16.dxe6
Ra7 17.Bxe5 Bxe5 18.Nb6 Nb8 19.f4 Bd4+ 20.Kh1 Kh8 21.e4 Nc6 22.g4 fxe4 23.Bxe4
Nb4 24.Nd5 Nxd5 25.cxd5 Ra8 {#r} 1-0

[Event "It (open)"]
[Site "masterchessopen.com - Klatovy (Czech Republic)"]
[Round "1"]
[White "Janka Helmut"]
[Black "Slezka Vojtech (CZE)"]
[Result "0-1"]
[WhiteElo "1980"]
[BlackElo "2325"]

1.d4 f5 2.Nf3 Nf6 3.g3 g6 4.Bg2 Bg7 5.O-O O-O 6.c4 d6 7.Nc3 c6 8.Ng5 h6 9.Nh3
Qe8 10.e4 fxe4 11.Nf4 g5 12.Nfe2 Qg6 13.h3 Qh5 14.g4 Bxg4 15.hxg4 Nxg4 16.Bf4
Rxf4 {#R} 0-1

[Event "It (open)"]
[Site "masterchessopen.com - Naron (Spain)"]
[Round "0"]
[White "Tuimil Martinez Ricardo (ESP)"]
[Black "De Prado Rodriguez Oscar B (ESP)"]
[Result "0-1"]
[WhiteElo "1707"]
[BlackElo "2268"]

1.Nf3 f5 2.d4 Nf6 3.c4 g6 4.Nc3 Bg7 5.g3 O-O 6.Bg2 d6 7.O-O c6 8.b4 Qe8 9.a4
e5 10.e3 e4 11.Nd2 Na6 12.Qb3 c5 13.b5 Nb4 14.Ba3 Nd3 15.Rab1 cxd4 16.Ne2 dxe3
17.fxe3 Nc5 18.Bxc5 dxc5 19.Nf4 Be6 20.Rfd1 Rd8 21.Qa3 b6 22.a5 g5 23.Nxe6
Qxe6 24.Qc1 Ng4 25.Rb3 Kh8 26.axb6 axb6 27.h3 Ne5 28.Bf1 Rf6 29.Ra3 Rff8
30.Ra7 Rxd2 31.Rxd2 Nf3+ 32.Kh1 Nxd2 {#R} 0-1

[Event "It (open) (PCA)"]
[Site "masterchessopen.com - Pula (Croatia)"]
[Round "0"]
[White "Kozul Zdenko (CRO)"]
[Black "Osiecki Stanislaw (POL)"]
[Result "1-0"]
[WhiteElo "2575"]
[BlackElo "2174"]

1.d4 d6 2.Nf3 g6 3.c4 f5 4.Nc3 Nf6 5.g3 Bg7 6.Bg2 O-O 7.O-O c6 8.Qc2 a5 9.b3
Na6 10.Bb2 Qc7 11.Rad1 Kh8 12.Qb1 e5 13.dxe5 dxe5 14.e4 f4 15.Ne2 Re8 16.gxf4
exf4 17.e5 Ng4 18.Nxf4 Bf5 19.Qa1 Nb4 20.e6 Rad8 21.h3 Nh6 22.Ng5 Nc2 23.Bxg7+
Qxg7 24.Qxg7+ Kxg7 25.c5 Rd4 26.Rxd4 Nxd4 27.Rd1 Nxe6 28.Rd7+ Kg8 29.Nfxe6
Bxe6 30.Rxb7 Nf7 31.Bxc6 {#r} 1-0

[Event "It (open)"]
[Site "masterchessopen.com - Schwabisch Gmund (Germany)"]
[Round "6"]
[White "Wohlfahrt Herbert J (AUT)"]
[Black "Ennenbach Ralph Dr (GER)"]
[Result "1-0"]
[WhiteElo "2270"]
[BlackElo "2235"]

1.d4 f5 2.Nf3 Nf6 3.g3 g6 4.Bg2 Bg7 5.O-O O-O 6.c4 d6 7.Nc3 c6 8.b3 Na6 9.Bb2
Nc7 10.Qd3 Qe8 11.e4 fxe4 12.Nxe4 Nxe4 13.Qxe4 e6 14.Qe3 Bd7 15.Rad1 a5 16.a4
b5 17.Rfe1 Rb8 18.Ba3 b4 19.Bc1 Qe7 20.Qg5 Qxg5 21.Bxg5 Rf7 22.Bf4 Bf8 23.Ng5
Rg7 24.Ne4 Ne8 25.Nc5 Rd8 26.Nxd7 {#r} 1-0

[Event "Memorial M.Chigorin"]
[Site "masterchessopen.com - St. Petersburg (Russia)"]
[Round "8"]
[White "Lugovoi Aleksei (RUS)"]
[Black "Agrest Evgenij (SWE)"]
[Result "0-1"]
[WhiteElo "2465"]
[BlackElo "2475"]

1.d4 f5 2.g3 Nf6 3.Bg2 d6 4.Nf3 g6 5.O-O Bg7 6.c4 O-O 7.Nc3 c6 8.b3 Qa5 9.Bb2
e5 10.Qd2 Qc7 11.dxe5 dxe5 12.e4 Na6 13.exf5 Bxf5 14.Qe2 Rfe8 15.h3 Nb4
16.Rad1 Bd3 17.Rxd3 Nxd3 18.Qxd3 e4 19.Qc2 exf3 20.Bxf3 Rad8 21.Kg2 Qd7 22.b4
Qf5 23.Qa4 Rd3 24.Bd1 Ne4 25.g4 Qe5 {#R} 0-1

[Event "It (open)"]
[Site "masterchessopen.com - Terrasa (Spain)"]
[Round "8"]
[White "Alvarez Ibarra Rafael (ESP)"]
[Black "Viladiu Martinez Josep (ESP)"]
[Result "1-0"]
[WhiteElo "2430"]
[BlackElo "2185"]

1.d4 d6 2.Nf3 f5 3.g3 Nf6 4.Bg2 g6 5.O-O Bg7 6.c4 O-O 7.Nc3 c6 8.b3 a5 9.Bb2
Na6 10.Re1 Nc7 11.Qd3 b5 12.cxb5 cxb5 13.Nxb5 Nxb5 14.Qxb5 Bd7 15.Qc4+ e6
16.Rac1 Ne4 17.Qd3 Qb6 18.Nd2 d5 19.f3 Nd6 20.e3 Bb5 21.Qb1 Rad8 22.Ba3 g5
23.Bc5 Qa6 24.Rc3 Rf7 25.a4 Be8 26.Bf1 Qb7 27.b4 axb4 28.Rb3 Bxa4 29.Rxb4 {#r}
1-0

[Event "Memorial Weber (open)"]
[Site "masterchessopen.com - Darmstadt (Germany)"]
[Round "0"]
[White "Miezis Normunds (LAT)"]
[Black "Diehl Klaus (GER)"]
[Result "1-0"]
[WhiteElo "2505"]
[BlackElo "2089"]

1.c4 f5 2.d4 Nf6 3.Nc3 g6 4.g3 Bg7 5.Bg2 c6 6.Nf3 d6 7.O-O O-O 8.b3 Na6 9.Re1
Nc7 10.Bb2 Qe8 11.e4 Nxe4 12.Nxe4 fxe4 13.Rxe4 Bf5 14.Re1 Bg4 15.h3 Bxf3
16.Bxf3 Qf7 17.Re3 Bh6 18.Rd3 Ne6 19.Qe2 Ng7 20.d5 Rac8 21.Re1 cxd5 22.Bxd5 e6
23.Bxg7 {#r} 1-0

[Event "Bundesliga (2nd) North 1994/95"]
[Site "masterchessopen.com - Germany"]
[Round "0"]
[White "Naumann Frank (GER)"]
[Black "Hegeler Frank (GER)"]
[Result "1-0"]
[WhiteElo "2280"]
[BlackElo "2225"]

1.Nf3 g6 2.c4 f5 3.Nc3 Nf6 4.g3 Bg7 5.Bg2 O-O 6.O-O d6 7.d4 c6 8.Bg5 Ne4
9.Nxe4 fxe4 10.Ne1 d5 11.c5 b6 12.cxb6 axb6 13.f3 c5 14.dxc5 Bxb2 15.Rb1 Rxa2
16.Qb3 Bd4+ 17.e3 Rxg2+ 18.Nxg2 Bxc5 19.fxe4 Ba6 20.Rxf8+ Qxf8 21.Qxd5+ Kg7
22.Bf4 {#r} 1-0

[Event "It (open)"]
[Site "masterchessopen.com - Las Vegas (USA)"]
[Round "6"]
[White "Diamond Jim A (USA)"]
[Black "Herrera Antonio (ESP)"]
[Result "1-0"]
[WhiteElo "2199"]
[BlackElo "2107"]

1.Nf3 f5 2.g3 g6 3.Bg2 Bg7 4.O-O Nf6 5.d4 d6 6.c4 O-O 7.Nc3 c6 8.d5 e5 9.dxe6
Bxe6 10.Qd3 Na6 11.Bf4 d5 12.Ng5 Bc8 13.cxd5 Nb4 14.Qc4 Nbxd5 15.Rad1 h6
16.Nxd5 cxd5 17.Bxd5+ Nxd5 18.Rxd5 Be6 19.Nxe6 {#r} 1-0

[Event "It (open)"]
[Site "masterchessopen.com - Santa Cruz de la Palma (Spain)"]
[Round "0"]
[White "Villavicencio Adalberto (ESP)"]
[Black "Alvarado Ascanio Francisco (ESP)"]
[Result "1-0"]
[WhiteElo "2310"]
[BlackElo "2217"]

1.Nf3 f5 2.g3 Nf6 3.Bg2 g6 4.c4 Bg7 5.Nc3 O-O 6.O-O d6 7.d4 c6 8.Rb1 Qe8 9.d5
h6 10.b4 Ng4 11.Bb2 Na6 12.dxc6 bxc6 13.b5 Nc7 14.Nd4 c5 15.Bxa8 Nxa8 16.Nc6
a6 17.Nd5 Rf7 18.h3 Bxb2 19.Rxb2 Ne5 20.Ncxe7+ Kg7 21.Nxc8 Qxc8 22.Qb3 axb5
23.cxb5 Qb7 24.Rd1 Nb6 25.Nxb6 Qxb6 26.Rbd2 Rf6 27.Qc3 {#r} 1-0

[Event "It (open) \"]
[Site "masterchessopen.com - Schwabisch Gmund (Germany)"]
[Round "1"]
[White "Ellerbrock Manfred (GER)"]
[Black "Beim Valery (AUT)"]
[Result "0-1"]
[WhiteElo "2075"]
[BlackElo "2545"]

1.d4 d6 2.c4 f5 3.Nf3 Nf6 4.g3 g6 5.Bg2 Bg7 6.O-O O-O 7.Nc3 c6 8.Qc2 Na6 9.e3
Qc7 10.b3 e5 11.dxe5 dxe5 12.Ba3 Re8 13.Rac1 Qa5 14.Bd6 e4 15.Nd4 Ng4 16.a3
Ne5 17.b4 Qxa3 18.Ra1 Nxb4 19.Rxa3 Nxc2 20.Nxc2 Nxc4 21.Bb4 Nxa3 22.Nxa3 a5
23.Bc5 Bxc3 24.Nc4 Be6 25.Nd6 Reb8 26.Rb1 b5 27.Bf1 a4 28.Rc1 a3 29.Bd4 Bxd4
30.exd4 a2 31.Ra1 Ra4 32.d5 cxd5 {#R} 0-1

[Event "It"]
[Site "masterchessopen.com - Tordera (Spain)"]
[Round "5"]
[White "Jose Abril Ramon (ESP)"]
[Black "Castany Pampalona Luis Maria (ESP)"]
[Result "0-1"]
[WhiteElo "2335"]
[BlackElo "2262"]

1.d4 f5 2.g3 Nf6 3.Bg2 c6 4.c4 d6 5.Nf3 g6 6.Nc3 Bg7 7.O-O O-O 8.d5 e5 9.dxe6
Bxe6 10.Qd3 Na6 11.Ng5 Qe7 12.Bf4 Rad8 13.Rad1 Ne8 14.Nxe6 Qxe6 15.b3 Nc5
16.Qc2 Nf6 17.Rd2 Nfe4 18.Nxe4 Nxe4 19.Rd3 Nc5 20.Rdd1 Ne4 21.Be3 a6 22.Bd4
Rfe8 23.e3 h5 24.h4 g5 25.Bxg7 Kxg7 26.hxg5 Nxg5 27.Rd4 Ne4 28.Qb2 Qe5 29.Qe2
Nxg3 30.Qf3 Kh6 {#R} 0-1

[Event "Ch World (seniors)"]
[Site "masterchessopen.com - Bad Liebenzell (Germany)"]
[Round "10"]
[White "Wolf Alfred (GER)"]
[Black "Mayers Dan E (USA)"]
[Result "0-1"]
[WhiteElo "1907"]
[BlackElo "1900"]

1.Nf3 f5 2.g3 g6 3.Bg2 Bg7 4.d4 Nf6 5.c4 O-O 6.Nc3 d6 7.O-O c6 8.Qc2 Na6 9.a3
Nc7 10.b3 Qe8 11.Bb2 e5 12.dxe5 dxe5 13.e3 e4 14.Nd2 Ne6 15.b4 g5 16.Ne2 Qh5
17.Nd4 Ng4 18.h3 Ne5 19.f4 Nd3 20.N2b3 Nxb2 21.Qxb2 b6 22.Qc2 gxf4 23.exf4
Nxd4 {#R} 0-1

[Event "It (open) (active)"]
[Site "masterchessopen.com - Barcelona (Spain)"]
[Round "0"]
[White "Franke Thomas (GER)"]
[Black "Viladiu Martinez Josep (ESP)"]
[Result "0-1"]
[WhiteElo "2164"]
[BlackElo "2185"]

1.c4 d6 2.Nc3 f5 3.g3 Nf6 4.Bg2 g6 5.Nf3 Bg7 6.d4 O-O 7.O-O c6 8.b3 Na6 9.Bb2
Nc7 10.Qc2 Qe8 11.Rad1 Bd7 12.e3 Rd8 13.Ne2 Ne4 14.Nd2 Ng5 15.Nf4 e5 16.dxe5
dxe5 17.Nd3 Nf7 18.Ba3 Ne6 19.Nc5 Nd6 20.Nf3 Bc8 21.b4 e4 22.Nd4 Nxc5 23.bxc5
Nf7 24.Ne2 Ne5 25.Bb2 Qf7 26.Bxe5 Bxe5 27.Nf4 {#R} 0-1

[Event "Tournament (team)"]
[Site "masterchessopen.com - Barcelona (Spain)"]
[Round "0"]
[White "Garcia Ilundain David (ESP)"]
[Black "Ochoa De Echaguen F Javier (ESP)"]
[Result "1-0"]
[WhiteElo "2520"]
[BlackElo "2435"]

1.d4 f5 2.g3 Nf6 3.Bg2 g6 4.Nf3 Bg7 5.O-O O-O 6.c4 d6 7.Nc3 c6 8.b3 Na6 9.Bb2
Bd7 10.d5 Nc7 11.dxc6 Bxc6 12.Qd2 a6 13.Rad1 Qe8 14.a4 Rc8 15.a5 h6 16.Na2 g5
17.Nb4 Be4 18.Nd4 e5 19.f3 exd4 20.fxe4 Nxe4 21.Bxe4 Qxe4 22.Bxd4 Be5 23.Bxe5
dxe5 24.Qd6 Rf7 25.Qg6+ Rg7 26.Qxf5 Qe3+ 27.Kh1 Re8 28.Rd6 Qxb3 29.Rxh6 Qxc4
30.Qh3 Qe4+ 31.Kg1 {#r} 1-0

[Event "It (cat.2)"]
[Site "masterchessopen.com - Budapest (Hungary)"]
[Round "0"]
[White "Vukovic Ivo (CRO)"]
[Black "Lamprecht Mark (GER)"]
[Result "1-0"]
[WhiteElo "2310"]
[BlackElo "2210"]

1.Nf3 f5 2.g3 Nf6 3.Bg2 g6 4.O-O Bg7 5.c4 O-O 6.Nc3 c6 7.d4 d6 8.d5 e5 9.dxc6
bxc6 10.Qa4 Qe7 11.Rd1 Bb7 12.Qa3 Rd8 13.e4 fxe4 14.Ng5 h6 15.Ngxe4 Bf8
16.Nxf6+ Qxf6 17.Qb3 Rd7 18.Bh3 Rc7 19.Ne4 Qg7 20.Nxd6 Bxd6 21.c5+ Kh7 22.cxd6
Rd7 23.Bxd7 Qxd7 24.Qe3 Qh3 25.d7 Nxd7 26.Qxh6+ Qxh6 27.Bxh6 Nb6 28.Be3 Nd5
29.Rac1 Rd8 30.Bxa7 Ra8 31.Rxd5 {#r} 1-0

[Event "It (open)"]
[Site "masterchessopen.com - Cannes (France)"]
[Round "6"]
[White "Touzane Olivier (FRA)"]
[Black "Bauer Christian (FRA)"]
[Result "1-0"]
[WhiteElo "2495"]
[BlackElo "2465"]

1.d4 f5 2.g3 Nf6 3.Bg2 g6 4.Nf3 Bg7 5.O-O O-O 6.c4 d6 7.Nc3 c6 8.d5 Qb6 9.Qc2
cxd5 10.cxd5 Na6 11.Be3 Qa5 12.Qd2 Nc5 13.Rab1 Qb4 14.Rfd1 Re8 15.h3 Bd7
16.Nd4 Rac8 17.Bh6 Bh8 18.Qe3 Nce4 19.g4 Nxc3 20.bxc3 Qxc3 21.Rd3 Qc7 22.gxf5
Bg7 23.fxg6 e5 24.dxe6 Bc6 25.Bxc6 bxc6 26.Nf5 Bxh6 27.Qxh6 Rxe6 28.gxh7+ Qxh7
29.Qg5+ Kh8 30.Rg3 Rg8 31.Qf4 Nd5 32.Qd4+ Re5 {#r} 1-0

[Event "Bayern Regionalliga Southeast"]
[Site "masterchessopen.com - Germany"]
[Round "5"]
[White "Tikovsky Armin"]
[Black "Heiduczek Josef (GER)"]
[Result "0-1"]
[WhiteElo "2140"]
[BlackElo "2199"]

1.d4 f5 2.Nf3 d6 3.g3 Nf6 4.Bg2 g6 5.c4 Bg7 6.Nc3 O-O 7.O-O c6 8.Qc2 Qe8 9.b3
Na6 10.a3 e5 11.dxe5 dxe5 12.Bb2 e4 13.Nd4 e3 14.f3 f4 15.b4 fxg3 16.hxg3 Qe5
17.Ne4 Nxe4 18.f4 Qh5 19.Qxe4 Bg4 20.Bf3 Rfe8 21.Qc2 Qh3 22.Bxg4 Qxg3+ 23.Kh1
Qh4+ 24.Kg2 Qxg4+ 25.Kh2 Re5 26.f5 Re4 27.Nf3 Qh5+ {#R} 0-1

[Event "Bayern Regionalliga Southwest"]
[Site "masterchessopen.com - Germany"]
[Round "4"]
[White "Rubke Manfred (GER)"]
[Black "Tibitanzl Thomas"]
[Result "1-0"]
[WhiteElo "2142"]
[BlackElo "1885"]

1.c4 f5 2.Nc3 Nf6 3.g3 g6 4.Bg2 Bg7 5.d4 d6 6.Nf3 O-O 7.O-O c6 8.Qc2 Qc7 9.Bd2
e5 10.Rad1 e4 11.Ng5 h6 12.Nh3 Be6 13.b3 Na6 14.Qc1 Kh7 15.f3 d5 16.Nf4 Qd7
17.cxd5 cxd5 18.Qa3 g5 19.Nxe6 Qxe6 20.Nb5 Nh5 21.fxe4 dxe4 22.e3 Rad8 23.Ba5
Rd7 24.Nc3 Nf6 25.Bh3 Nd5 26.Qxf8 g4 27.Bxg4 Nxe3 28.Bxf5+ Nxf5 29.Qxf5+ Qxf5
30.Rxf5 Bxd4+ 31.Kg2 b6 32.Ne2 {#r} 1-0